[Event "ch-CHN 2020"]
[Site "Xinghua CHN"]
[Date "2020.12.19"]
[Round "1.1"]
[White "Lin, Yi"]
[Black "Xu, Xiangyu"]
[Result "0-1"]
[WhiteTitle "IM"]
[BlackTitle "GM"]
[WhiteElo "2408"]
[BlackElo "2573"]
[WhiteFideId "8609659"]
[BlackFideId "8608288"]
[EventDate "2020.12.19"]

1. d4 Nf6 2. c4 e6 3. Nc3 Bb4 4. e3 c5 5. Bd3 Nc6 6. Ne2 d5 7. a3 cxd4 8. exd4
dxc4 9. Bxc4 Be7 10. O-O O-O 11. Bg5 h6 12. Bh4 b6 13. Qd3 Bb7 14. Rad1 Nh5 15.
Bxe7 Qxe7 16. Ba2 Rad8 17. d5 Qh4 18. Qc4 Qxc4 19. Bxc4 Ne5 20. Ba2 exd5 21.
Bxd5 Ba6 22. b4 Nf6 23. Bb3 Rfe8 24. Rxd8 Rxd8 25. Rd1 Rxd1+ 26. Bxd1 Nc4 27. a4
Nb2 28. Bc2 Bxe2 29. Nxe2 Nd5 30. b5 Nb4 31. Bb3 N4d3 32. Nd4 Nc5 33. Bc2 Nbxa4
34. Nc6 Kf8 35. f3 Ke8 36. Nxa7 Kd7 37. Kf2 Nc3 38. Ke3 Nd5+ 39. Kd4 Ne7 40. Be4
Nxe4 41. fxe4 f6 42. e5 Kc7 43. h4 Kb7 44. exf6 gxf6 45. Nc6 Nxc6+ 46. Kd5 Na7
47. Ke6 Nxb5 48. Kxf6 Nd6 49. g4 b5 50. Ke5 Kc6 51. Kd4 0-1

[Event "ch-CHN 2020"]
[Site "Xinghua CHN"]
[Date "2020.12.19"]
[Round "1.2"]
[White "Bai, Jinshi"]
[Black "Huang, Renjie"]
[Result "1/2-1/2"]
[WhiteTitle "GM"]
[WhiteElo "2618"]
[BlackElo "2422"]
[WhiteFideId "8602280"]
[BlackFideId "8610134"]
[EventDate "2020.12.19"]

1. d4 d5 2. c4 c6 3. cxd5 cxd5 4. Bf4 Nf6 5. Nc3 Nc6 6. e3 Bf5 7. Qb3 Na5 8.
Qa4+ Bd7 9. Qc2 e6 10. Bd3 Be7 11. Nf3 Rc8 12. h3 O-O 13. O-O h6 14. Ne5 Nc6 15.
Qe2 Bb4 16. Rac1 Nxe5 17. dxe5 Bxc3 18. bxc3 Ne4 19. c4 Qa5 20. Qg4 Kh8 21. Qh4
Kg8 22. f3 Nc5 23. Bb1 Qd8 24. Qh5 d4 25. Qg4 f5 26. exf6 Qxf6 27. Qg3 dxe3 28.
Bxe3 e5 29. Rfd1 Be6 30. Rd6 b6 31. Rcd1 Kh8 32. Bxc5 Rxc5 33. Be4 Qf7 34. a3
Bf5 35. Bxf5 Qxf5 36. R6d5 Qf4 37. Qxf4 Rxf4 38. Rxc5 bxc5 39. Rd5 Rxc4 40. Rxe5
Rc3 41. a4 Ra3 42. Rxc5 Rxa4 1/2-1/2

[Event "ch-CHN 2020"]
[Site "Xinghua CHN"]
[Date "2020.12.19"]
[Round "1.3"]
[White "Wei, Yi"]
[Black "Ju, Wenjun"]
[Result "1/2-1/2"]
[WhiteTitle "GM"]
[BlackTitle "GM"]
[WhiteElo "2732"]
[BlackElo "2560"]
[WhiteFideId "8603405"]
[BlackFideId "8603006"]
[EventDate "2020.12.19"]

1. Nf3 d5 2. c4 d4 3. b4 c5 4. g3 cxb4 5. a3 bxa3 6. Bg2 Nc6 7. O-O e5 8. Qa4
Bd7 9. d3 Nf6 10. Bg5 Be7 11. Nxa3 O-O 12. Nd2 a6 13. Bxf6 Bxf6 14. Rfb1 Rb8 15.
c5 Be7 16. Ne4 Na5 17. Qc2 Qc7 18. Nc4 Nxc4 19. Qxc4 Rfc8 20. Qb4 h6 21. h4 Bc6
22. Rc1 Bxe4 23. Bxe4 Bxc5 24. Qa4 Qd8 25. Rab1 Bd6 26. Rd1 Rc7 27. Qa5 Qd7 28.
Rd2 Qc8 29. Ra2 Rc1+ 30. Rxc1 Qxc1+ 31. Kg2 Qc7 32. Qa4 h5 33. Rc2 Qd8 34. Rb2
Qe7 35. Qc4 b5 36. Qc6 Ba3 37. Rc2 Qd6 38. Qxd6 Bxd6 39. Rc6 Bf8 40. Bd5 Rd8 41.
Ba2 Rd6 42. Rc5 Rb6 43. Rxe5 g6 44. Re4 a5 45. Rxd4 Rb7 46. Rd8 a4 47. Ra8 a3
48. Kf3 b4 49. Bb3 Rc7 50. Rb8 Kg7 51. Rb5 Bc5 52. e3 Be7 53. Bd5 Kf8 54. Rb8+
Kg7 55. d4 Rd7 56. Bb3 Rc7 57. Bd5 Ra7 58. Ba2 Rc7 59. Bd5 Ra7 60. Ba2 1/2-1/2

[Event "ch-CHN 2020"]
[Site "Xinghua CHN"]
[Date "2020.12.19"]
[Round "1.4"]
[White "Lu, Shanglei"]
[Black "Zhang, Rui"]
[Result "1-0"]
[WhiteTitle "GM"]
[WhiteElo "2615"]
[BlackElo "1658"]
[WhiteFideId "8603332"]
[BlackFideId "8620750"]
[EventDate "2020.12.19"]

1. e4 e5 2. Bc4 Nf6 3. d3 Nc6 4. Nf3 Be7 5. O-O O-O 6. Re1 d6 7. a4 Bg4 8. h3
Bh5 9. c3 Na5 10. Ba2 c5 11. Nbd2 Qc7 12. Nf1 Rfd8 13. Ne3 Nc6 14. g4 Bg6 15. h4
h5 16. g5 Nh7 17. Nh2 Kh8 18. f4 exf4 19. Nd5 Qd7 20. Nxf4 Ne5 21. Bd5 Nf8 22.
Be3 Ng4 23. Nxg4 Qxg4+ 24. Qxg4 hxg4 25. Kg2 Bh7 26. Bxf7 g6 27. Re2 Kg7 28. Bd5
Rab8 29. Rf1 Bg8 30. Ref2 Rd7 31. Kg3 Re8 32. Kxg4 Bxd5 33. Nxd5 Bd8 34. c4 Ne6
35. Bd2 Nd4 36. Bc3 Rh8 37. Nf4 Re8 38. Ne2 Bb6 39. a5 Bd8 40. Nxd4 cxd4 41.
Bxd4+ Kg8 42. b4 b6 43. a6 Rc7 44. b5 Rd7 45. h5 gxh5+ 46. Kxh5 Rh7+ 47. Kg4 Be7
48. Bf6 Bxf6 49. Rxf6 Rd7 50. Rg6+ Kh7 51. Rff6 Red8 52. Kf5 Kh8 53. Rh6+ Rh7
54. Rxh7+ Kxh7 55. Rf7+ Kg8 56. Rxa7 1-0

[Event "ch-CHN 2020"]
[Site "Xinghua CHN"]
[Date "2020.12.19"]
[Round "1.5"]
[White "Xu, Yinglun"]
[Black "Wen, Yang"]
[Result "0-1"]
[WhiteTitle "GM"]
[BlackTitle "GM"]
[WhiteElo "2554"]
[BlackElo "2594"]
[WhiteFideId "8604940"]
[BlackFideId "8602956"]
[EventDate "2020.12.19"]

1. c4 e6 2. Nf3 Nf6 3. Nc3 d5 4. d4 c6 5. Bg5 Nbd7 6. cxd5 exd5 7. Qc2 Be7 8. e3
Nh5 9. Bxe7 Qxe7 10. O-O-O Nb6 11. h3 g6 12. Bd3 Ng7 13. g4 Be6 14. Kb1 O-O-O
15. Be2 Kb8 16. Ne5 Bc8 17. a4 f6 18. Nd3 Nc4 19. Ka1 Ne6 20. b3 Nd6 21. Rb1 h5
22. gxh5 gxh5 23. h4 Ne4 24. Kb2 b6 25. Rhe1 c5 26. dxc5 bxc5 27. Ka2 Nxc3+ 28.
Qxc3 Bb7 29. b4 c4 30. Nc5 Nxc5 31. bxc5 Ka8 32. Bf3 Rc8 33. Rb5 Bc6 34. Reb1
Qe5 35. Qb4 Qc7 36. Rd1 Rhd8 37. Rd4 Qh2 38. Qb2 Bxb5 39. Rxd5 Rxd5 0-1

[Event "ch-CHN 2020"]
[Site "Xinghua CHN"]
[Date "2020.12.19"]
[Round "1.6"]
[White "Zhao, Jun"]
[Black "Yu, Yangyi"]
[Result "1/2-1/2"]
[WhiteTitle "GM"]
[BlackTitle "GM"]
[WhiteElo "2638"]
[BlackElo "2709"]
[WhiteFideId "8602522"]
[BlackFideId "8603820"]
[EventDate "2020.12.19"]

1. d4 Nf6 2. Nf3 d5 3. c4 e6 4. Nc3 dxc4 5. g3 Bb4 6. Bg2 O-O 7. O-O Nc6 8. Bg5
h6 9. Bxf6 Qxf6 10. e3 Rb8 11. Rc1 b5 12. b3 Na5 13. bxc4 Bxc3 14. Rxc3 Nxc4 15.
Nd2 Rb6 16. Nxc4 bxc4 17. Qf3 Qe7 18. Rfc1 Ba6 19. Bf1 c5 20. Bxc4 cxd4 21. exd4
Bb7 22. d5 Rd8 23. Qe3 Bxd5 24. Bxd5 Rxd5 25. Rc8+ Kh7 26. R8c7 Qf6 27. Rxa7 Rb2
28. Rcc7 Rd1+ 29. Kg2 Rdd2 30. Qe4+ Qf5 31. Qxf5+ exf5 32. Rxf7 Rxf2+ 33. Kg1
Rg2+ 34. Kf1 Rgf2+ 35. Kg1 Rg2+ 36. Kf1 Rxh2 37. Rxg7+ Kh8 38. Kg1 Rhg2+ 39. Kf1
Rgf2+ 40. Kg1 Rg2+ 1/2-1/2

[Event "ch-CHN 2020"]
[Site "Xinghua CHN"]
[Date "2020.12.20"]
[Round "2.1"]
[White "Xu, Xiangyu"]
[Black "Yu, Yangyi"]
[Result "0-1"]
[WhiteTitle "GM"]
[BlackTitle "GM"]
[WhiteElo "2573"]
[BlackElo "2709"]
[WhiteFideId "8608288"]
[BlackFideId "8603820"]
[EventDate "2020.12.19"]

1. d4 d5 2. c4 e6 3. Nf3 Nd7 4. Nc3 Ngf6 5. cxd5 exd5 6. Bf4 Nb6 7. e3 Bf5 8.
Bd3 Bxd3 9. Qxd3 Bd6 10. Bg5 Be7 11. O-O O-O 12. Bxf6 Bxf6 13. b4 a6 14. Nd2 Be7
15. Rfb1 c6 16. a4 g6 17. g3 Re8 18. Ne2 Bd6 19. Kg2 Qe7 20. Qc3 h5 21. Nc1 Nd7
22. Nd3 Nf6 23. Re1 h4 24. f3 hxg3 25. h3 Nh5 26. e4 Bf4 27. Nb3 Qg5 28. Re2 Re7
29. Rae1 Rae8 30. Qb2 Qh4 31. Nbc5 Nf6 32. Nxf4 Qxf4 33. e5 Nh5 34. Qd2 Qh4 35.
Re4 dxe4 36. Rxe4 Rxe5 37. dxe5 Rd8 38. Qe3 Qe7 39. e6 Qf6 40. e7 Qb2+ 41. Qe2
Qxe2+ 0-1

[Event "ch-CHN 2020"]
[Site "Xinghua CHN"]
[Date "2020.12.20"]
[Round "2.2"]
[White "Wen, Yang"]
[Black "Zhao, Jun"]
[Result "1/2-1/2"]
[WhiteTitle "GM"]
[BlackTitle "GM"]
[WhiteElo "2594"]
[BlackElo "2638"]
[WhiteFideId "8602956"]
[BlackFideId "8602522"]
[EventDate "2020.12.19"]

1. d4 d5 2. Nf3 Nf6 3. c4 c6 4. cxd5 cxd5 5. Nc3 Nc6 6. Bf4 Bf5 7. e3 e6 8. Bd3
Bxd3 9. Qxd3 Bd6 10. Bxd6 Qxd6 11. O-O O-O 12. Rfc1 Rfc8 13. h3 Nd7 14. Nd2 h6
15. a3 Ne7 16. Rc2 Rc6 17. Rac1 Rac8 18. Ne2 Rxc2 19. Rxc2 Rxc2 20. Qxc2 Qc6 21.
Qxc6 Nxc6 22. Nc3 Kf8 23. Kf1 Ke7 24. Ke2 a6 25. Kd3 Kd6 26. f4 f5 27. Nf3 Nf6
28. Ne5 Ne4 29. Nxc6 Kxc6 30. b3 Nxc3 1/2-1/2

[Event "ch-CHN 2020"]
[Site "Xinghua CHN"]
[Date "2020.12.20"]
[Round "2.3"]
[White "Zhang, Rui"]
[Black "Xu, Yinglun"]
[Result "0-1"]
[BlackTitle "GM"]
[WhiteElo "1658"]
[BlackElo "2554"]
[WhiteFideId "8620750"]
[BlackFideId "8604940"]
[EventDate "2020.12.19"]

1. e4 c5 2. c3 d5 3. exd5 Qxd5 4. d4 Nf6 5. Nf3 e6 6. Be2 Nc6 7. O-O cxd4 8.
cxd4 Be7 9. Nc3 Qd6 10. h3 O-O 11. Be3 b6 12. Qa4 Bb7 13. Ba6 Bxa6 14. Qxa6 Nb4
15. Qe2 h6 16. Ne5 Rac8 17. Rac1 a5 18. a3 Nbd5 19. Nb5 Qb8 20. Qf3 Qb7 21. a4
Rxc1 22. Rxc1 Rc8 23. Rc4 Rxc4 24. Nxc4 Qc8 25. b3 Ne8 26. Qg3 Kf8 27. Bf4 g5
28. Be5 f6 29. Bb8 h5 30. Ba7 Bd8 31. Qb8 Qxb8 32. Bxb8 h4 33. Kf1 Ke7 34. Ke2
Kd7 35. Ne3 Nb4 36. Kd2 Be7 37. Bh2 Ng7 38. Nc2 Nd5 39. Ne3 Bb4+ 40. Kd3 Ne7 41.
Nc2 Nh5 42. Nc3 Bxc3 43. Kxc3 Kc6 44. Ne3 b5 45. Kd2 f5 46. Be5 Ng6 47. Bb8 Nhf4
48. Kc2 Kb7 49. Bd6 Ne2 50. Kd3 Ngf4+ 51. Bxf4 Nxf4+ 52. Kd2 Kc6 53. Kc3 g4 54.
hxg4 Nxg2 55. Nf1 fxg4 56. Nh2 bxa4 57. bxa4 Ne3 58. Kd3 g3 59. fxg3 hxg3 60.
Nf3 Nd1 61. Kc2 Nf2 62. Ne1 Kd5 63. Kc3 Nd1+ 64. Kc2 Ne3+ 65. Kd3 g2 66. Nf3 Nf5
67. Ng1 Nxd4 68. Ke3 Kc4 69. Kf2 Kb4 70. Kxg2 Kxa4 71. Kf2 Kb3 72. Ke3 e5 73.
Nh3 a4 74. Nf2 a3 75. Nd3 a2 0-1

[Event "ch-CHN 2020"]
[Site "Xinghua CHN"]
[Date "2020.12.20"]
[Round "2.4"]
[White "Ju, Wenjun"]
[Black "Lu, Shanglei"]
[Result "1/2-1/2"]
[WhiteTitle "GM"]
[BlackTitle "GM"]
[WhiteElo "2560"]
[BlackElo "2615"]
[WhiteFideId "8603006"]
[BlackFideId "8603332"]
[EventDate "2020.12.19"]

1. d4 Nf6 2. c4 e6 3. Nc3 d5 4. cxd5 exd5 5. Bg5 c6 6. e3 h6 7. Bh4 Be6 8. Bd3
Nbd7 9. Nge2 Bd6 10. Bg3 Qe7 11. O-O Bxg3 12. Nxg3 O-O 13. Rc1 Nb6 14. a3 Rfc8
15. h3 Rc7 16. Qf3 Re8 17. Rfe1 Qd8 18. Qf4 Rce7 19. h4 Nc8 20. f3 Kf8 21. Na4
Qd6 22. Qxd6 Nxd6 23. Kf2 h5 24. Nc5 g6 25. a4 Bc8 26. a5 a6 27. e4 dxe4 28.
fxe4 Ng4+ 29. Kg1 Kg7 30. Rf1 Rd8 31. Be2 Nb5 32. Bxb5 axb5 33. Rfd1 Ne3 34. Rd3
Nc4 35. b4 Bg4 36. Rf1 Nb2 37. Rd2 Nc4 38. Rd3 1/2-1/2

[Event "ch-CHN 2020"]
[Site "Xinghua CHN"]
[Date "2020.12.20"]
[Round "2.5"]
[White "Huang, Renjie"]
[Black "Wei, Yi"]
[Result "0-1"]
[BlackTitle "GM"]
[WhiteElo "2422"]
[BlackElo "2732"]
[WhiteFideId "8610134"]
[BlackFideId "8603405"]
[EventDate "2020.12.19"]

1. e4 c5 2. Nf3 Nc6 3. Bb5 g6 4. O-O Bg7 5. c3 e5 6. d3 Nge7 7. Be3 d6 8. Qd2
Bg4 9. Ne1 O-O 10. Na3 b6 11. h3 Be6 12. Bh6 d5 13. Bxg7 Kxg7 14. Qe2 Qc7 15.
Nf3 f6 16. Bxc6 Qxc6 17. b3 g5 18. Kh2 Ng6 19. Ng1 Rad8 20. g3 Rd6 21. exd5 Rxd5
22. Rad1 Rfd8 23. c4 R5d7 24. Rd2 a6 25. Nc2 Rd6 26. Rfd1 Qd7 27. Ne3 h5 28. Qf3
f5 29. Qxh5 Rh8 30. Qxg5 f4 31. gxf4 exf4 32. Ng2 Bxh3 33. Nxf4 Bg4+ 34. Kg2 Rf6
35. Nd5 Bh3+ 36. Kg3 Rf5 37. Qe3 Re5 0-1

[Event "ch-CHN 2020"]
[Site "Xinghua CHN"]
[Date "2020.12.20"]
[Round "2.6"]
[White "Lin, Yi"]
[Black "Bai, Jinshi"]
[Result "1/2-1/2"]
[WhiteTitle "IM"]
[BlackTitle "GM"]
[WhiteElo "2408"]
[BlackElo "2618"]
[WhiteFideId "8609659"]
[BlackFideId "8602280"]
[EventDate "2020.12.19"]

1. d4 Nf6 2. c4 g6 3. Nc3 d5 4. cxd5 Nxd5 5. e4 Nxc3 6. bxc3 Bg7 7. Nf3 c5 8.
Rb1 O-O 9. Be2 cxd4 10. cxd4 Qa5+ 11. Bd2 Qxa2 12. O-O Bg4 13. Bg5 h6 14. Be3
Nc6 15. Ra1 Qb2 16. Rb1 Qa2 17. Ra1 Qb2 18. Rb1 Qa2 1/2-1/2

[Event "ch-CHN 2020"]
[Site "Xinghua CHN"]
[Date "2020.12.21"]
[Round "3.1"]
[White "Bai, Jinshi"]
[Black "Xu, Xiangyu"]
[Result "1/2-1/2"]
[WhiteTitle "GM"]
[BlackTitle "GM"]
[WhiteElo "2618"]
[BlackElo "2573"]
[WhiteFideId "8602280"]
[BlackFideId "8608288"]
[EventDate "2020.12.19"]

1. d4 d5 2. Nf3 Nf6 3. c4 dxc4 4. e3 e6 5. Bxc4 c5 6. O-O Nc6 7. dxc5 Qxd1 8.
Rxd1 Bxc5 9. a3 O-O 10. b4 Be7 11. Bb2 b6 12. Nc3 Bb7 13. Be2 Rfd8 14. Nd2 Ne8
15. Nc4 Bf6 16. Nb5 Ba6 17. Bxf6 gxf6 18. Nb2 Kf8 19. Kf1 Rac8 20. Rac1 Rxd1+
21. Nxd1 f5 22. Ke1 Bb7 23. g3 a6 24. Nbc3 Ne7 25. Kd2 Rd8+ 26. Ke1 Rc8 27. Na2
Rxc1 28. Nxc1 Nd5 29. Kd2 Nd6 30. f3 Ke7 31. Nc3 Nxc3 32. Kxc3 f6 1/2-1/2

[Event "ch-CHN 2020"]
[Site "Xinghua CHN"]
[Date "2020.12.21"]
[Round "3.2"]
[White "Wei, Yi"]
[Black "Lin, Yi"]
[Result "1-0"]
[WhiteTitle "GM"]
[BlackTitle "IM"]
[WhiteElo "2732"]
[BlackElo "2408"]
[WhiteFideId "8603405"]
[BlackFideId "8609659"]
[EventDate "2020.12.19"]

1. Nf3 Nf6 2. c4 g6 3. Nc3 d5 4. cxd5 Nxd5 5. h4 Bg7 6. e4 Nxc3 7. dxc3 Qxd1+ 8.
Kxd1 Nd7 9. Bc4 Nc5 10. Re1 Bd7 11. Kc2 Bc6 12. Ng5 f6 13. Ne6 Nxe6 14. Bxe6 Bd7
15. Bxd7+ Kxd7 16. Rd1+ Ke6 17. Bf4 c6 18. a4 Rhd8 19. a5 a6 20. Kb3 Rd7 21. Kc4
Rad8 22. Rxd7 Kxd7 23. h5 Kc8 24. Rh1 g5 25. h6 Bf8 26. Be3 e5 27. Rh3 Be7 28.
Bc5 Bxc5 29. Kxc5 Kc7 30. Rf3 Rd6 31. g4 Re6 32. Rd3 Re8 33. Rd6 Rf8 34. c4 Rf7
35. b3 Rf8 36. b4 Rf7 37. b5 cxb5 38. cxb5 axb5 39. Rb6 Kd8 40. Kxb5 Ke8 41. Rd6
Ke7 42. Rd5 Ke8 43. Kb6 Re7 44. Ka7 1-0

[Event "ch-CHN 2020"]
[Site "Xinghua CHN"]
[Date "2020.12.21"]
[Round "3.3"]
[White "Lu, Shanglei"]
[Black "Huang, Renjie"]
[Result "1-0"]
[WhiteTitle "GM"]
[WhiteElo "2615"]
[BlackElo "2422"]
[WhiteFideId "8603332"]
[BlackFideId "8610134"]
[EventDate "2020.12.19"]

1. e4 c5 2. Nf3 Nc6 3. d4 cxd4 4. Nxd4 g6 5. c4 Nf6 6. Nc3 d6 7. f3 Nxd4 8. Qxd4
Bg7 9. Be3 O-O 10. Qd2 Be6 11. Rc1 Qa5 12. b3 Rfc8 13. Bd3 a6 14. Ne2 Qxd2+ 15.
Kxd2 b5 16. Nf4 bxc4 17. Nxe6 cxd3 18. Nc7 Rab8 19. Nxa6 Ra8 20. Rxc8+ Rxc8 21.
Rc1 Rxc1 22. Kxc1 d5 23. exd5 Nxd5 24. Kd2 f5 25. Kxd3 Kf7 26. a4 Ke6 27. Bd2
Kd6 28. b4 Be5 29. g3 h5 30. b5 h4 31. f4 Bf6 32. Nb4 h3 33. Nxd5 Kxd5 34. Bc3
e5 35. b6 e4+ 36. Kc2 Bd8 37. b7 Bc7 38. Be5 Kc6 39. b8=Q Bxb8 40. Bxb8 Kc5 41.
Kc3 1-0

[Event "ch-CHN 2020"]
[Site "Xinghua CHN"]
[Date "2020.12.21"]
[Round "3.4"]
[White "Xu, Yinglun"]
[Black "Ju, Wenjun"]
[Result "1-0"]
[WhiteTitle "GM"]
[BlackTitle "GM"]
[WhiteElo "2554"]
[BlackElo "2560"]
[WhiteFideId "8604940"]
[BlackFideId "8603006"]
[EventDate "2020.12.19"]

1. c4 e5 2. Nc3 Nf6 3. Nf3 Nc6 4. g3 d5 5. cxd5 Nxd5 6. Bg2 Nb6 7. O-O Be7 8. d3
O-O 9. Be3 Re8 10. Rc1 Bf8 11. Ne4 Nd4 12. Bxd4 exd4 13. Qd2 c6 14. Nc5 g6 15.
b4 Bg7 16. Rfe1 Nd5 17. Nb3 Ne7 18. a4 Nf5 19. Rb1 Rb8 20. b5 cxb5 21. axb5 Be6
22. Qb4 Bd5 23. Bh3 Bxf3 24. exf3 Ne7 25. Qc4 Nc8 26. Rxe8+ Qxe8 27. Nc5 Nb6 28.
Qa2 Ra8 29. Nxb7 Qe7 30. Na5 a6 31. bxa6 Rxa6 32. Nc6 Qb7 33. Qc2 Ra8 34. f4 Qa6
35. Ne7+ Kh8 36. Qc6 Bf8 37. Qf6+ 1-0

[Event "ch-CHN 2020"]
[Site "Xinghua CHN"]
[Date "2020.12.21"]
[Round "3.5"]
[White "Zhao, Jun"]
[Black "Zhang, Rui"]
[Result "1-0"]
[WhiteTitle "GM"]
[WhiteElo "2638"]
[BlackElo "1658"]
[WhiteFideId "8602522"]
[BlackFideId "8620750"]
[EventDate "2020.12.19"]

1. d4 d5 2. c4 c6 3. Nf3 Nf6 4. Qc2 g6 5. Bf4 Bg7 6. e3 Bf5 7. Qb3 Qb6 8. Nc3
O-O 9. c5 Qxb3 10. axb3 Nbd7 11. h3 Ne4 12. b4 Rfe8 13. Ne2 e5 14. Nxe5 Nxe5 15.
Bxe5 Bxe5 16. dxe5 Rxe5 17. Nd4 a6 18. g4 Bd7 19. Bd3 Rae8 20. Rg1 Kh8 21. Rd1
h6 22. Bxe4 Rxe4 23. Kd2 Bc8 24. Rg3 Kg7 25. Rdg1 Rh8 26. Kc3 h5 27. R3g2 Kf8
28. Kd3 Kg7 29. Rg3 Re5 30. R3g2 Re4 31. f3 Re5 32. Re2 hxg4 33. hxg4 Rh3 34.
Rgg2 Rh1 35. Rh2 Rxh2 36. Rxh2 f6 37. Ne2 Re7 38. Nf4 Re8 39. Kd4 Re7 40. Ne2
Re8 41. Nc3 Rd8 42. Rg2 Kf7 43. g5 Bf5 44. gxf6 Kxf6 45. Rh2 Kg7 46. Ne2 Rd7 47.
Kc3 Re7 48. Kd2 Re8 49. Nd4 Re7 50. Re2 Kf6 51. Rh2 Kg7 52. Ke2 Re8 53. Kf2 Re7
54. Rh1 Re8 55. Ke2 Re7 56. Kd2 Re8 57. Ne2 Re7 58. Ng3 Re8 59. Rh4 Kf6 60. Rh7
Re7 61. Rh8 Bb1 62. Ne2 Bf5 63. Nd4 Rf7 64. Ke2 Rc7 65. Kf2 Kg7 66. Rd8 Kf7 67.
Kg3 Bc8 68. Kf4 Kf6 69. Rd6+ Kf7 70. Kg5 Re7 71. Rd8 Re5+ 72. Kf4 Re8 73. Rxe8
Kxe8 74. Ke5 Ke7 75. f4 Bg4 76. Nb3 Kd7 77. Kf6 Bf5 78. Nd4 Be4 79. Ne6 Ke8 80.
Ng5 Bc2 81. Nf7 Kd7 82. Ne5+ Kc7 83. Nxg6 b6 84. Nf8 a5 85. Ne6+ Kb7 86. bxa5
bxa5 87. Nd4 Be4 88. Ke7 a4 89. f5 Ka6 90. f6 Bg6 91. Nxc6 Kb5 92. Ne5 Bh5 93.
c6 1-0

[Event "ch-CHN 2020"]
[Site "Xinghua CHN"]
[Date "2020.12.21"]
[Round "3.6"]
[White "Yu, Yangyi"]
[Black "Wen, Yang"]
[Result "1-0"]
[WhiteTitle "GM"]
[BlackTitle "GM"]
[WhiteElo "2709"]
[BlackElo "2594"]
[WhiteFideId "8603820"]
[BlackFideId "8602956"]
[EventDate "2020.12.19"]

1. c4 e6 2. g3 Nf6 3. Bg2 d5 4. Nf3 d4 5. d3 c5 6. e4 Nc6 7. e5 Nd7 8. Qe2 Be7
9. h4 b6 10. Bf4 Bb7 11. Nbd2 Nf8 12. h5 g5 13. hxg6 Nxg6 14. Rh5 Qc7 15. O-O-O
O-O-O 16. Ne4 Nxf4 17. gxf4 b5 18. Nfd2 Ba6 19. Kb1 bxc4 20. Nxc4 Bxc4 21. dxc4
d3 22. Rxd3 Rxd3 23. Qxd3 Rd8 24. Qb3 Nd4 25. Qa4 Rg8 26. Ng3 Rg4 27. Rxh7 Rxf4
28. Rh8+ Bd8 29. Ne4 Rxe4 30. Bxe4 Qxe5 31. Qa6+ Kd7 32. Qxa7+ Bc7 33. Qa8 Qg5
34. Qe8+ Kd6 35. Qf8+ 1-0

[Event "ch-CHN 2020"]
[Site "Xinghua CHN"]
[Date "2020.12.22"]
[Round "4.1"]
[White "Xu, Xiangyu"]
[Black "Wen, Yang"]
[Result "1-0"]
[WhiteTitle "GM"]
[BlackTitle "GM"]
[WhiteElo "2573"]
[BlackElo "2594"]
[WhiteFideId "8608288"]
[BlackFideId "8602956"]
[EventDate "2020.12.19"]

1. d4 d5 2. c4 e6 3. Nc3 Nf6 4. cxd5 exd5 5. Bg5 c6 6. e3 Bd6 7. Bd3 O-O 8. Qc2
h6 9. Bh4 Re8 10. Nge2 a5 11. h3 Na6 12. a3 Nc7 13. a4 Bd7 14. g4 Rc8 15. Rg1
Ne6 16. O-O-O b5 17. Ng3 b4 18. Nf5 Bf8 19. g5 hxg5 20. f4 g6 21. fxg5 Nh5 22.
Qf2 bxc3 23. Nh6+ Bxh6 24. gxh6 Qb6 25. bxc3 Nf8 26. Rdf1 Be6 27. Qe2 Qb3 28.
Kd2 Kh7 29. Bc2 Qa2 30. Ra1 Nf4 31. Qh2 Qb2 32. Rgb1 Qxc2+ 33. Kxc2 Bf5+ 34. Kd2
Bxb1 35. Rxb1 N4e6 36. Rb7 g5 37. Rxf7+ 1-0

[Event "ch-CHN 2020"]
[Site "Xinghua CHN"]
[Date "2020.12.22"]
[Round "4.2"]
[White "Zhang, Rui"]
[Black "Yu, Yangyi"]
[Result "0-1"]
[BlackTitle "GM"]
[WhiteElo "1658"]
[BlackElo "2709"]
[WhiteFideId "8620750"]
[BlackFideId "8603820"]
[EventDate "2020.12.19"]

1. e4 c6 2. d4 d5 3. Nc3 dxe4 4. Nxe4 Nf6 5. Nxf6+ exf6 6. Be3 Bd6 7. Bd3 Na6 8.
Ne2 Nb4 9. O-O Bg4 10. h3 Bh5 11. Qd2 Nxd3 12. Qxd3 Bg6 13. Qd2 O-O 14. Bf4 Re8
15. Bxd6 Qxd6 16. Ng3 c5 17. d5 b5 18. f4 Be4 19. Nxe4 Rxe4 20. c3 g6 21. Rae1
Rae8 22. Rxe4 Rxe4 23. Qd3 f5 24. b3 c4 25. Qd2 a5 26. Kh1 h5 27. Rf3 h4 28. Rf1
Kf8 29. Rf2 Kg7 30. Rf1 Kg8 31. Rf2 cxb3 32. axb3 a4 33. bxa4 bxa4 34. Rf1 a3
35. Rc1 Rc4 36. Qa2 Rxf4 37. c4 Rd4 38. c5 Qxd5 39. Qxa3 Rd3 40. Qb2 Rd2 41.
Qb8+ Kg7 42. Qh2 Rd1+ 43. Rxd1 Qxd1+ 44. Qg1 Qxg1+ 45. Kxg1 Kf6 46. Kf2 Ke5 47.
Kf3 Kd5 48. g4 hxg3 49. Kxg3 Kxc5 0-1

[Event "ch-CHN 2020"]
[Site "Xinghua CHN"]
[Date "2020.12.22"]
[Round "4.3"]
[White "Ju, Wenjun"]
[Black "Zhao, Jun"]
[Result "1/2-1/2"]
[WhiteTitle "GM"]
[BlackTitle "GM"]
[WhiteElo "2560"]
[BlackElo "2638"]
[WhiteFideId "8603006"]
[BlackFideId "8602522"]
[EventDate "2020.12.19"]

1. d4 d5 2. c4 c6 3. Nf3 Nf6 4. e3 Bf5 5. Nc3 e6 6. Nh4 Bg6 7. Be2 Nbd7 8. g3
Bd6 9. Nxg6 hxg6 10. Qc2 Qe7 11. Bd2 a6 12. c5 Bc7 13. f4 Ba5 14. Nb1 Bc7 15.
Bf3 g5 16. Nc3 gxf4 17. exf4 b6 18. b4 a5 19. Na4 axb4 20. cxb6 Bd6 21. Qxc6 O-O
22. O-O Rfb8 23. Rfc1 Qf8 24. Be2 Be7 25. Rab1 g6 26. Be1 Kg7 27. Bf1 Rxa4 28.
Qxa4 Nxb6 29. Qa7 Nc4 30. Bxc4 Ra8 31. Qb7 Rb8 32. Qc6 dxc4 33. Qxc4 Nd5 34. Qe2
Ra8 35. Rc2 Bf6 36. Qe4 Ra4 37. Rd1 Qa8 38. Qe2 Qa7 39. Kh1 Qa8 40. Kg1 Qa7 41.
Rd3 Nc3 42. Rcxc3 bxc3 43. Bxc3 Rxa2 44. Rd2 Ra3 45. Bb2 Rb3 46. Kf1 Qb7 47. Qg2
Rf3+ 48. Kg1 Qe4 49. Rf2 Qe1+ 50. Qf1 Qe3 51. Kg2 Rxf2+ 52. Qxf2 Qe4+ 53. Qf3
Qc2+ 54. Qf2 Qe4+ 55. Qf3 Qc2+ 1/2-1/2

[Event "ch-CHN 2020"]
[Site "Xinghua CHN"]
[Date "2020.12.22"]
[Round "4.4"]
[White "Huang, Renjie"]
[Black "Xu, Yinglun"]
[Result "1/2-1/2"]
[BlackTitle "GM"]
[WhiteElo "2422"]
[BlackElo "2554"]
[WhiteFideId "8610134"]
[BlackFideId "8604940"]
[EventDate "2020.12.19"]

1. e4 c5 2. Nf3 d6 3. Bb5+ Bd7 4. Bxd7+ Nxd7 5. O-O Ngf6 6. Re1 e6 7. c3 Be7 8.
d4 O-O 9. e5 Ne8 10. dxc5 Nxc5 11. Be3 Qc7 12. Bxc5 Qxc5 13. Nbd2 Rd8 14. Qb3
Qc7 15. Nc4 dxe5 16. Ncxe5 Bf6 17. Ng4 Be7 18. Nge5 Bf6 19. Ng4 Be7 20. Nge5 Bf6 1/2-1/2

[Event "ch-CHN 2020"]
[Site "Xinghua CHN"]
[Date "2020.12.22"]
[Round "4.5"]
[White "Lin, Yi"]
[Black "Lu, Shanglei"]
[Result "1/2-1/2"]
[WhiteTitle "IM"]
[BlackTitle "GM"]
[WhiteElo "2408"]
[BlackElo "2615"]
[WhiteFideId "8609659"]
[BlackFideId "8603332"]
[EventDate "2020.12.19"]

1. d4 Nf6 2. c4 e6 3. Nf3 a6 4. Nc3 d5 5. cxd5 exd5 6. Bg5 Be6 7. e3 h6 8. Bf4
c5 9. dxc5 Bxc5 10. Bd3 Nc6 11. h3 O-O 12. O-O d4 13. exd4 Nxd4 14. Rc1 Rc8 15.
Be5 Nxf3+ 16. Qxf3 Bd4 17. Bxd4 Qxd4 18. Rfd1 Qb4 19. Rc2 Rfe8 20. Bf5 Bxf5 21.
Qxf5 Rc5 22. Qf3 Rce5 23. Rcd2 Re1+ 24. Rxe1 Rxe1+ 25. Kh2 Re8 26. Re2 Rxe2 27.
Qxe2 Qd6+ 28. Kg1 Qc6 29. Qd2 Qb6 30. b3 Qc6 1/2-1/2